01112nam a22001697a 4500008004100000020001800041040000800059041000800067100003500075245003900110260004600149300002400195490002800219520036100247520030000608650003400908251021b |||||||| |||| 00| 0 eng d a9782372581219 ctbs afre aMassé, Xavierd1977-eauthor aLa route du lacc/ Xavier Massé. aPeymeinade :bTaurnada Éditions,c2023. a279 pages ;c18 cm. a Le tourbillon des mots aBlaches est un charmant village réputé pour sa tranquillité… Jusqu'au jour où, au lendemain d'une soirée, trois étudiants sont portés disparus. Que s'est-il passé cette nuit-là ? Que s'est-il passé sur l'unique route qui mène au lac ? Amis, voisins, connaissances… pour les enquêteurs, tous sont suspects. Bienvenue à Blaches. aBlaches is a charming village known for its tranquility… until one day, after a party, three students go missing. What happened that night? What happened on the only road leading to the lake? Friends, neighbors, acquaintances—for the investigators, everyone is a suspect. Welcome to Blaches. 0aDetective and mystery fiction